000
00191nam a22000857a 4500
001
1243966
005
20251017144757.0
245
_a
YASEMEN
_c
HASAN NAİL CANAT
260
_b
GENÇ TİMAŞ YAYINLARI
999
_c
1243966
_d
1243966